León: (Registro nro. 31146)
[ vista simple ]
| 000 -LEADER | |
|---|---|
| fixed length control field | 01671nam a22002417a 4500 |
| 003 - CONTROL NUMBER IDENTIFIER | |
| control field | OSt |
| 005 - DATE AND TIME OF LATEST TRANSACTION | |
| control field | 20260306092734.0 |
| 008 - FIXED-LENGTH DATA ELEMENTS--GENERAL INFORMATION | |
| fixed length control field | 260209b |||||||| |||| 00| 0 eng d |
| 037 ## - SOURCE OF ACQUISITION | |
| Source of stock number/acquisition | Donación |
| 040 ## - CATALOGING SOURCE | |
| Original cataloging agency | CO-JMCR |
| Language of cataloging | spa |
| Transcribing agency | CO-JMCR |
| Modifying agency | CO-JMCR |
| Description conventions | rda |
| 041 ## - LANGUAGE CODE | |
| Language code of text/sound track or separate title | spa |
| 082 ## - DEWEY DECIMAL CLASSIFICATION NUMBER | |
| Classification number | 972.415 |
| Item number | G64l |
| 100 ## - MAIN ENTRY--PERSONAL NAME | |
| Personal name | González Leal, Mariano , |
| 9 (RLIN) | 44527 |
| 245 ## - TITLE STATEMENT | |
| Title | León: |
| Remainder of title | trayectoria y destino / |
| 250 ## - EDITION STATEMENT | |
| Edition statement | 2da ed. |
| 260 ## - PUBLICATION, DISTRIBUTION, ETC. | |
| Place of publication, distribution, etc. | León, Gto : |
| Name of publisher, distributor, etc. | Universidad de Guanajuato, Centro de Investigaciones Humanísticas : H. Ayuntamiento de León Guanajuato, |
| Date of publication, distribution, etc. | 1999. |
| 300 ## - PHYSICAL DESCRIPTION | |
| Extent | 267 p. |
| Other physical details | il. (a col.), planos, facsíms., fots., retrs. ; |
| Dimensions | 31 cm. |
| 500 ## - GENERAL NOTE | |
| General note | Contiene bibliografía |
| 520 ## - SUMMARY, ETC. | |
| Summary, etc. | El precursor -- La fundación y los fundadores -- Días del terror y sangre -- El alba de la paz -- En los albores del siglo XVII -- Bajo los últimos hapsburgos -- La imagen tutelar -- La consolidación -- Postrimetrias del Virreinato -- En el vórtice -- La guerra insurgente -- Los primeros años de independencia -- Los años del federalismo -- La ciudad de León de los Aldamas -- Entre federalismo y centralismo -- Dos benefactores y sus obras -- El parteaguas del siglo XIX -- Los años de la reforma -- En la intervención y el imperio -- La ciudad episcopal -- El coronel Octavio Rosado y la vida cultural en la República restaurada -- Trescientos años de vida -- Un noble instituto educativo y una propsera empresa -- Los años cimeros -- De la cumbre a la tragedia -- El ojo del Huracán -- El ave Fénix -- El esplendor de la belle Époque -- Los albores de nuestro siglo -- Sumario. |
| 650 ## - SUBJECT ADDED ENTRY--TOPICAL TERM | |
| Topical term or geographic name entry element | Vida social y costumbres |
| 650 ## - SUBJECT ADDED ENTRY--TOPICAL TERM | |
| Topical term or geographic name entry element | Historia |
| 942 ## - ADDED ENTRY ELEMENTS (KOHA) | |
| Source of classification or shelving scheme | Dewey Decimal Classification |
| Koha item type | Books |
| Withdrawn status | Lost status | Source of classification or shelving scheme | Damaged status | Not for loan | Collection code | Home library | Current library | Shelving location | Date acquired | Source of acquisition | Total Checkouts | Full call number | Barcode | Date last seen | Copy number | Price effective from | Koha item type |
|---|---|---|---|---|---|---|---|---|---|---|---|---|---|---|---|---|---|
| Dewey Decimal Classification | Non-fiction | Biblioteca Pública José María del Castillo y Rada | Biblioteca Pública José María del Castillo y Rada | Book Cart | 02/09/2026 | Donación | 972.415 G64l | 201812564 | 02/09/2026 | Ej.1 | 02/09/2026 | Books |